Tecnología de materiales químicos. Química del uranio. Materiales radioactivos / Jorge Dosta Parcerisa, Adolfo Garcés Martínez

per Dosta Parcerisa, Jorge

Descripció física: 18 p. : mecanografiades ; 30 cm

MARC

LEADER 00000nam a2200000Ia 4500
001 1968
008 160829s198 - ?] xx 000 0 cat d
080 |a FU-18-9 
100 |a Dosta Parcerisa, Jorge  |9 23971 
245 |a Tecnología de materiales químicos. Química del uranio. Materiales radioactivos / Jorge Dosta Parcerisa, Adolfo Garcés Martínez 
260 |a Barcelona :  |b [Escuela de Ingeniería Técnica Industrial. Departamento de Química Técnica,  |c 198 - ?] 
300 |a 18 p. :  |b  mecanografiades ;  |c 30 cm 
650 |a Urani   |9 33983 
650 |a Substàncies radioactives  |9 33984 
700 |a Garcés Martínez, Adolfo   |9 23973 
710 |a Escola Universitària d'Enginyeria Tècnica Industrial de Barcelona.  |b Departament de Química Tècnica  |9 70049 
901 |a Arxiu 
942 |n 1 
952 |0 0  |1 0  |4 0  |6 FU189  |7 1  |9 46332  |a Arxiu  |b Arxiu  |d 2016-12-01  |l 0  |o FU-18-9  |p 1968  |r 2016-12-01 00:00:00  |w 2016-12-01  |y ARXIU 
999 |c 50117  |d 50117